Miembros Permanentes del Consejo de Seguridad de las Naciones Unidas - Estadísticas

Estadísticas generales
  • Esta prueba ha sido intentada 31 veces
  • La puntuación promedio es 5 de 5
Estadísticas de respuestas
País % Correcto
Estados Unidos
100%
Francia
97%
Reino Unido
97%
Rusia
97%
China
93%
No se encontraron pruebas coincidentes
Distribución de puntuación
Porcentaje de gente con cada puntuación
Porcentaje por número respondido
Historial de tus puntuaciones
No has intentado esta prueba.